Psychická pracovná záťaž ako rizikový faktor pracovného prostredia

Prehľad relevantných právnych predpisov v oblasti psychickej pracovnej záťaže a BOZP v podmienkach SR. Zaoberanie sa prejavmi duševnej záťaže, rizikovým faktorom v pracovnom prostredí, ako je stres, únava, monotónnosť a psychické preťaženie. Zahŕňa odporúčané postupy a metódy posudzovania psychickej...

Full description

Saved in:
Bibliographic Details
Main Author: Sventeková, Eva
Other Authors: Makovická Osvaldová, Linda, Dlugoš, Ivan, Malý, Stanislav
Format: Book Chapter
Language:Slovak
Subjects:
Tags: Add Tag
No Tags, Be the first to tag this record!

MARC

LEADER 00000naa a2200000 4500
001 0307007
005 20250213130554.9
041 0 |a slo 
044 |a SK 
245 1 0 |a Psychická pracovná záťaž ako rizikový faktor pracovného prostredia  |c Eva Sventeková, Linda Makovická Osvaldová, Ivan Dlugoš, Stanislav Malý 
520 |a Prehľad relevantných právnych predpisov v oblasti psychickej pracovnej záťaže a BOZP v podmienkach SR. Zaoberanie sa prejavmi duševnej záťaže, rizikovým faktorom v pracovnom prostredí, ako je stres, únava, monotónnosť a psychické preťaženie. Zahŕňa odporúčané postupy a metódy posudzovania psychickej a zmyslovej záťaže z hľadiska charakteristík práce a pracovného prostredia, ako aj odporúčané opatrenia na zníženie miery nadmernej psychickej záťaže. 
610 2 0 |a prostredie pracovné 
610 2 0 |a riziko 
610 2 0 |a psychológia 
610 2 0 |a zaťaženie pracovné 
610 2 0 |a zdravie 
610 2 0 |a zdravie duševné 
610 2 0 |a bezpečnosť 
100 1 |a Sventeková, Eva 
700 1 |a Makovická Osvaldová, Linda 
700 1 |a Dlugoš, Ivan 
700 1 |a Malý, Stanislav